000 00254 a2200097 4500
020 _a9789370987197
100 _aV. Musafar Ahammed
245 _aBalcon murivukal(ബാൾക്കൻ മുറിവുകൾ)
260 _bD C books
_c2026
942 _cOO
999 _c115334
_d115333